El Nuevo Testamento de Nuestro Señor Jesucristo / (Registro nro. 189420)

Detalles MARC
000 -LEADER
campo de control de longitud fija 01210nam a2200229 i 4500
001 - NÚMERO DE CONTROL
campo de control 189420
003 - IDENTIFICADOR DE NÚMERO DE CONTROL
campo de control ES-MaACL
005 - FECHA Y HORA DE LA ÚLTIMA TRANSACCIÓN
campo de control 20230906223453.0
008 - DATOS DE LONGITUD FIJA--INFORMACIÓN GENERAL
campo de control de longitud fija 190531s1960 xxu |||| | spa d
130 0# - ENTRADA PRINCIPAL--TÍTULO UNIFORME
Título uniforme Biblia.
Nombre de parte o sección de la obra N.T.
Lenguaje de la obra Español.
9 (RLIN) 119294
245 13 - MENCIÓN DEL TÍTULO
Título El Nuevo Testamento de Nuestro Señor Jesucristo /
Mención de responsabilidad, etc. antigua versión de Casiodoro de Reina (1569), revisada por Cipriano Valera (1602), otras revisiones: 1862, 1909 y 1960 ; The New Testament of our Lord and Saviour Jesus Christ / translated out of the original Greek, and with the former translations diligently compared and revised commonly know as the authorized (King James) version.
246 3# - FORMA VARIANTE DEL TITULO
Título propio/Titulo breve Nuevo Testamento :
Resto del título español e inglés
260 ## - PUBLICACIÓN, DISTRIBUCIÓN, ETC.
Fecha de publicación, distribución, etc. [Philadelphia] :
Nombre del editor, distribuidor, etc. Los Gedeones Internacionales = The Gideons International :
-- Sociedades Bíblicas en América Latina,
Fecha de publicación, distribución, etc. [1960]
300 ## - DESCRIPCIÓN FÍSICA
Extensión 468 p. ;
Dimensiones 20 cm.
546 ## - NOTA DE IDIOMA
Nota de lengua/lenguaje Texto paralelo español e inglés, a 2 columnas.
595 ## -
-- Ed. no venal
700 1# - ENTRADA AGREGADA--NOMBRE PERSONAL
Nombre de persona Reina, Casiodoro de.
9 (RLIN) 96024
700 1# - ENTRADA AGREGADA--NOMBRE PERSONAL
Nombre de persona Valera, Cipriano de.
9 (RLIN) 112636
730 #0 - ASIENTO SECUNDARIO--TITULO UNIFORME
Título uniforme Biblia.
Número de parte o sección de la obra N.T.
Lenguaje de la obra Inglés.
9 (RLIN) 160327
740 42 - ENTRADA AGREGADA--TÍTULO RELACIONADO/ANALÍTICO NO CONTROLADO
Título relacionado o analítico no controlado The New Testament of our Lord and Saviour Jesus Christ.
852 4# - LOCALIZACIÓN
Ubicación ES-MaACL
Número de control de estantería L-32423
Existencias
Estatus retirado Estado de pérdida Estado de daño No para préstamo Biblioteca de origen Biblioteca actual Ubicación en estantería Fecha de adquisición Fuente de adquisición Total de préstamos Signatura topográfica completa Código de barras Visto por última vez Precio de reemplazo Tipo de ítem Koha
        Biblioteca del Ateneo de Madrid Biblioteca del Ateneo de Madrid Depósito 2 31/05/2019     L-32423 1200702 23/02/2023 23/02/2023 Libro impreso